Estadísticas para Capitales de Sudamérica

Haz click aquí para tomar la prueba!

Estadísticas generales

  • Esta prueba ha sido tomada 2.445 veces
  • La puntuación promedio es 11 de 12

Estadísticas de respuestas

PaísCapital% Correcto
ArgentinaBuenos Aires
99%
BrazilBrasilia
99%
ChileSantiago
96%
PerúLima
96%
VenezuelaCaracas
96%
ColombiaBogotá
94%
BoliviaLa Paz o Sucre
93%
EcuadorQuito
93%
UruguayMontevideo
92%
ParaguayAsunción
84%
GuyanaGeorgetown
62%
SurinamParamaribo
61%

Distribución de puntuación

Porcentaje por número respondido

Porcentaje de gente con cada puntuación

Historial de tus puntuaciones

No has tomado esta prueba